• 首页
  • 本馆介绍
  • 公告通知
  • 最新文献
  • 馆藏检索
  • 电子资源
  • 读者导购
  • 参考咨询
  • 我的图书馆
  • 登录
  • 详细信息显示
  • 放入我的书架
  • 预约/预借图书
  • 作者相关作品
  • 分类相关作品
  • 丛书相关作品
  • 出版社相关作品

书目信息

  • 表格格式
  • 工作单格式
  • 卡片格式
题名:
战上海
    
 
作者: 刘统, 著
分册:  
出版信息: 上海   上海人民出版社  2018
页数: 429页
开本: 24cm
丛书名:
单 册:
中图分类: K266.06 , K295.1
科图分类:
主题词: 第三次国内革命战争--di san ci guo nei ge ming zhan zheng--史料--上海市 , 地方史--di fang shi--史料--上海市--1949-1950
电子资源:
ISBN: 978-7-5486-1484-5
000 01534cam0 2200289 450
001 1952345214
005 20190222101320.6
010    @a978-7-5486-1484-5@dCNY 88.00
099    @aCAL 012019012995
100    @a20190107d2018 em y0chiy50 ea
101 0  @achi
102    @aCN@b310000
105    @aa a 000yy
200 1  @a战上海@Azhan shang hai@f刘统著
210    @a上海@c上海人民出版社@c学林出版社@d2018
215    @a429页@c图@d24cm
314    @a刘统, 1951年生, 先后毕业于山东大学、复旦大学, 历史学博士。现为上海交通大学历史系教授。
320    @a有书目 (第421-426页)
330    @a本书运用档案资料和第一手史料, 回顾1949年5月上海解放后到1950年5月这一段曲折激荡的历史。在完好地解放这座远东最大城市后, 面临国民党撤退前的劫掠, 共产党接收了一个一穷二白的烂摊子。如何养活500万市民, 如何恢复这座城市的生机和运转, 共产党进入了一场新的斗争。打击投机, 稳定市场; 清除匪特, 保卫安全; 改造旧社会, 注入经济活力, 共产党证明了它管理城市的能力。在国民党海空军封锁下, 在对外贸易基本断绝的艰难日子里, 中共中央以举国之力, 维持上海的运转。在大轰炸的最艰苦阶段, 紧紧的依靠人民, 共同度过难关。中苏联合上海保卫战, 彻底击退了国民党军队的袭击, 迫使其撤军台湾, 上海经历了一年不寻常的岁月, 终于赢来了和平发展的时代。
606 0  @a第三次国内革命战争@Adi san ci guo nei ge ming zhan zheng@x史料@y上海市
606 0  @a地方史@Adi fang shi@x史料@y上海市@z1949-1950
690    @aK266.06@v5
690    @aK295.1@v5
701  0 @a刘统,@Aliu tong@f1951-@4著
801  0 @aCN@b三新书业@c20190107
801  2 @aCN@bPUL@c20190222
905    @aBZT@dK266.06@e20
    
    战上海/刘统著.-上海:上海人民出版社:学林出版社,2018
    429页:图;24cm
    
    
    ISBN 978-7-5486-1484-5:CNY 88.00
    本书运用档案资料和第一手史料, 回顾1949年5月上海解放后到1950年5月这一段曲折激荡的历史。在完好地解放这座远东最大城市后, 面临国民党撤退前的劫掠, 共产党接收了一个一穷二白的烂摊子。如何养活500万市民, 如何恢复这座城市的生机和运转, 共产党进入了一场新的斗争。打击投机, 稳定市场; 清除匪特, 保卫安全; 改造旧社会, 注入经济活力, 共产党证明了它管理城市的能力。在国民党海空军封锁下, 在对外贸易基本断绝的艰难日子里, 中共中央以举国之力, 维持上海的运转。在大轰炸的最艰苦阶段, 紧紧的依靠人民, 共同度过难关。中苏联合上海保卫战, 彻底击退了国民党军队的袭击, 迫使其撤军台湾, 上海经历了一年不寻常的岁月, 终于赢来了和平发展的时代。
●
相关链接 在五车中查询图书 在当当中查询图书 在豆瓣中查询图书


正题名:战上海     索取号:K266.06/20         预约/预借

序号 登录号 条形码 馆藏地/架位号 状态 备注
1 866797   2000866797   第二书库/ [索取号:K266.06/20] 在馆    
2 866798   2000866798   第二书库/ [索取号:K266.06/20] 在馆    
3 866799   2000866799   第二书库/ [索取号:K266.06/20] 在馆    
山东省滨州职业学院图书馆 欢迎您!
大连网信软件有限公司© 版权所有